Images - Statistics

General Stats
  • This quiz has been taken 12 times
  • The average score is 5 of 6
Answer Stats
Picture Answer % Correct
Luigi
100%
Mario
100%
Peach
100%
Bowser
89%
Toad
89%
Bowser Jr
67%
No matching quizzes found
Score Distribution
Percent of People with Each Score
Percentile by Number Answered
Your Score History
You have not taken this quiz